| 000 | 00546nam a2200205 a 4500 | ||
|---|---|---|---|
| 001 | BRCA_7034 | ||
| 005 | 20190320205702.0 | ||
| 008 | 291111s1949----nyua######---#000-0#eng-# | ||
| 041 | _aeng | ||
| 044 | _anyu | ||
| 050 | 4 |
_aSB409 _b.A44 1949 |
|
| 245 | 1 | 0 |
_aAmerican Orchid Society, Inc. _bYearbook 1949. |
| 260 |
_aNueva York _bAmerican Orchid Society, Inc. _c1949 |
||
| 300 |
_a66 p. _c21 cm. |
||
| 500 | _aI180 | ||
| 650 | 1 | 4 |
_aOrquÃdeas _vAnuarios _917483 |
| 710 | 2 |
_aAmerican Orchid Society Inc. _917484 |
|
| 902 | _aGFM | ||
| 942 |
_2lcc _cB |
||
| 999 |
_c6715 _d6715 |
||